000 00759nam a2200205 i 4500
001 bgj
245 0 0 _aThe World Book Encyclopedia.
_nVol. 20,
_pU-V /
_cpublished by World Book, Inc.
260 _aChicago :
_bWorld Book - Childcraft International, Inc.,
_cc. 1980.
300 _a358 pp. :
_bill., maps, tables (some col.) ;
_c26 cm.
501 _aAn encyclopedia designed especially to meet the needs of elementary, junior high, and high school students.
505 _aIncludes Research Guide and Index in vol. 22.
650 9 _aEncyclopedies and |dictionaries
710 p 0 _aWorld Book, Inc.
_aChicago
020 _a0716600803
040 _cBPK
041 0 _aeng
920 _a0-7166-0080-3
942 _cKS
008 s uk f |000 0 eng
999 _c41450
_d41450
856 _uhttp://koha.tu.koszalin.pl/cgi-bin/koha/opac-detail.pl?biblionumber=41450
_yKatalog online BPK